000 00536nam a22001937a 4500
003 KOHA_MİRAKIL
005 20251013090210.0
008 251013b tu ||||| |||| 00| 0 tur d
020 _a9789755335346
040 _aTR-AnABB
_btur
_cTR-AnABB
041 _atur
082 _a813.42
_bKOR 2007
100 1 _aKorkut, Hüseyin,
245 1 0 _aAteş Manisa'ya da düştü /
_cHüseyin Korkut
260 _aAnkara :
_bİmge Kitabevi
_c2007
300 _a248 sayfa ;
_c21 cm
650 0 4 _aTürk edebiyatı, roman
942 _2ddc
_cBK
999 _c9120
_d9120
900 _bGizem YORULMAZ